Statistiques concernant Personnages de fiction par couleur - Bleu

Cliquez ici pour prendre le quiz!

Statistiques générales

  • Ce quiz a été pris 505 fois
  • Le résultat moyen est 6 sur 20

Statistiques - réponses

Réponse% Correct
Sonic
98%
Tristesse
87%
Schtroumpfette
78%
Megamind
58%
Blu
41%
Nebula
41%
Amphinobi
37%
Happy
36%
La Chenille / Absolem
25%
M. Malchance
19%
Diablo
16%
Neytiri
15%
Docteur Manhattan
12%
Pilaf
12%
Monsieur Larbin
11%
Diva Plavalaguna
8%
Barley Lightfoot
2%
Lumalee
2%
Petunia
2%
Splat
2%

Distribution des résultats

Percentile par nombre de réponses

% des personnes avec chaque résultat

Votre développement - résultats

Vous n’avez pas pris ce quiz